000 00416nam a2200181Ia 4500
008 240510s9999 xx 000 0 und d
020 _a955138735X
041 _asih
082 _a891.483
082 _bL39
100 _aLIYANAGE, Somasiri
245 0 _aKalakini Ganadura Duru We Yanne
260 _bColombo:Wijesooriya Foundation
260 _c2006
300 _a373 p.
942 _2ddc
942 _cLBK
999 _c28595
_d28595
945 _a1
_bMadushi Gamage
_c1
_dMadushi Gamage